000 00428cam a2200181ua 4500
020 _cRs 1.87
041 _aeng
_h
082 _a530.11
_bSMI/RE
100 _aSmilga, V .
245 _aRelativity and man /
_cV Smilga.
_hTextual Documents
250 _a1 /
_b.
260 _aMoscow :
_bProgress Publishers ,
_c1955.
300 _a346 ; .
365 _aRs 1.87
504 _a
942 _cBK
999 _c3255
_d3255